[Event "ESP-ch 85th"]
[Site "Linares"]
[Date "2020.09.07"]
[Round "8"]
[White "Maranon Canton, Antonio"]
[Black "Jimenez de la Torre, Jose Antonio"]
[Result "1-0"]
[WhiteElo "1874"]
[BlackElo "2035"]
[PlyCount "52"]
[EventDate "2020.08.31"]
[EventType "swiss"]
[EventRounds "9"]
[EventCountry "ESP"]
[SourceTitle "EXT 2021"]
[Source "ChessBase"]
[SourceDate "2020.10.23"]
[SourceVersion "1"]
[SourceVersionDate "2020.10.23"]
[SourceQuality "1"]

1. d4 d5 2. c4 e5 3. dxe5 d4 4. Nf3 Nc6 5. g3 f6 6. exf6 Qxf6 7. Bg2 h6 8. 0-0 Be6 9. Nbd2 0-0-0 10. Ne1 Nge7 11. Nd3 g5 12. b4 Bg7 13. Qa4 Kb8 14. Ba3 Bc8 15. Rab1 Ne5 16. b5 Nxd3 17. exd3 b6 18. Rb3 Bd7 19. Bb4 a5 20. Ra3 c6 21. Bxe7 Qxe7 22. bxc6 Be8 23. Qb5 Qb4 24. Qxb4 axb4 25. Ra8+ Kc7 26. Ra7+ Kd6 1-0

[Event "ESP-ch 83rd"]
[Site "Linares"]
[Date "2018.08.26"]
[Round "7"]
[White "Gonzalez Garcia, Francisco"]
[Black "Maranon Canton, Antonio"]
[Result "1-0"]
[WhiteElo "1972"]
[BlackElo "1868"]
[PlyCount "83"]
[EventDate "2018.08.20"]
[EventType "swiss"]
[EventRounds "9"]
[EventCountry "ESP"]
[SourceTitle "CBM 186 Extra"]
[Source "ChessBase"]
[SourceDate "2018.08.24"]
[SourceVersion "1"]
[SourceVersionDate "2018.08.24"]
[SourceQuality "1"]

1. e4 c5 2. Nf3 Nc6 3. d4 cxd4 4. Nxd4 Nf6 5. Nc3 d6 6. Bc4 e6 7. Bb3 Be7 8. 0-0 0-0 9. a3 Nxd4 10. Qxd4 Bd7 11. Bg5 Bc6 12. Rfe1 d5 13. exd5 Nxd5 14. Bxe7 Nxe7 15. Qg4 Nf5 16. Rad1 Qh4 17. Qxh4 Nxh4 18. f3 Rfd8 19. Kf2 Kf8 20. Na2 a5 21. c3 Ng6 22. Nc1 Rxd1 23. Rxd1 Ne5 24. Ke3 a4 25. Ba2 Ke7 26. Ne2 Bb5 27. Rd4 Nc6 28. Rd2 Na5 29. Nd4 Bc4 30. Bb1 Bd5 31. Bd3 Bc4 32. Re2 Rc8 33. Bxc4 Nxc4+ 34. Kd3 g6 35. Kc2 Rd8 36. Re4 Nb6 37. Ne2 f5 38. Rb4 Rd6 39. Nf4 Kf6 40. g3 h5 41. Rb5 e5 42. Rxb6 1-0